LDR 01665namaa2200349 i 4500 001 000000162956 003 CaOOAMICUS 005 20260430081826.0 008 170928s2014 it u000 u ita r 020 $a978-88-213-1155-0* 032 $aLibriCat 040 $aPUL$bita 100 1 $aAlessi, Adriano,$cO.S.A.,$d1941-,$eautore.$0(OLS)http://pul/name/12136 245 10$aSui sentieri della materia :$bintroduzione alla cosmologia filosofica /$cAdriano Alessi. 260 $aRoma :$bLAS,$c©2014. 300 $a324 pagine ;$c24 cm. 336 $atesto$btxt$2rdacontent 337 $asenza mediazione$bn$2rdamedia 338 $avolume$bnc$2rdacarrier 490 1 $aBiblioteca di scienze religiose (Libreria Ateneo salesiano) ;$v201 650 4$aCosmologia (filosofia).$0(OLS)http://pul/subject/36418 830 0$aBiblioteca di scienze religiose (Libreria Ateneo salesiano) ;$v201.$0(OLS)http://pul/title/491 850 $aPUL 852 $aPUL$W1$xSL Religione 2$y84$mTheol A3 201$j186944$qStampati Altre Collocazioni$B190180$CPULBib$Z2$F190180 $H130090 $81 852 $aPUL$W1$xDP2 Religione 3$y114$m113 ALEAD 1$j202473$qDDC 21$q$a2.copia$B207883$CPULBib$Z2$F207883 $H138591 $82 941 1 $a10 983 0$aNuova biblioteca di scienze religiose. 983 0$aBiblioteca di scienze religiose (LAS) 996 $6020$a978-88-213-1155-0*$9(OLS)http://pul/number/163110 996 $6245$aSui sentieri della materia :$bintroduzione alla cosmologia filosofica$9(OLS)http://pul/title/202700 996 $6260$aRoma :$bLAS$9(OLS)http://pul/publisher/48069